| 000 | 00476nam a2200193 a 4500 | ||
|---|---|---|---|
| 001 | 1771248326393 | ||
| 003 | YourLibrary | ||
| 005 | 20260216185648.0 | ||
| 008 | 260216s2006##################000#0#eng## | ||
| 020 | _a9780748619818 | ||
| 082 | 0 | 4 |
_a320.01 _bELD |
| 100 | 1 |
_aElden, Stuart, _eauthor. |
|
| 245 | 1 | 0 | _aSpeaking Against Number : |
| 260 | _c2006. | ||
| 300 | _a192 pages | ||
| 650 | 0 | _aMathematics. | |
| 942 | _cENGLISH | ||
| 040 |
_aYourLibrary _beng _cYourLibrary |
||
| 999 |
_c612759 _d612759 |
||